| 000 | 00551nam a2200217 a 4500 | ||
|---|---|---|---|
| 003 | AR-BaBNM | ||
| 005 | 20251128203342.0 | ||
| 008 | 082120s2002 ||||||||||||||000 | spa|| | ||
| 040 | _cAR-BaBNM | ||
| 100 | 1 | _aLuzuriaga, Lorenzo | |
| 245 | 0 | 0 | _aDiccionario de pedagogĂa |
| 260 |
_aBuenos Aires _bLosada _c1960 |
||
| 300 | _a392 P. | ||
| 490 | 0 | _aPublicaciones de la revista de pedagogĂa | |
| 650 | 4 | _aEDUCACION | |
| 650 | 4 | _aDICCIONARIOS | |
| 655 | _aREFERENCIA | ||
| 800 | 1 |
_aLuzuriaga, Lorenzo _edirector |
|
| 942 | _cBK | ||
| 998 | _cCarmen | ||
| 999 |
_c3013 _d3013 |
||